JAY-Z Discography - Statistics

General Stats
  • This quiz has been taken 14 times
  • The average score is 6 of 24
Answer Stats
Year Type Name % Correct
1996 Solo Album Reasonable Doubt
85%
2001 Solo Album The Blueprint
85%
2017 Solo Album 4:44
62%
2003 Solo Album The Black Album
54%
2011 Collaborative Album Watch The Throne
54%
1997 Solo Album In My Lifetime, Vol.1
46%
2009 Solo Album The Blueprint 3
46%
2007 Solo Album American Gangster
38%
2002 Solo Album The Blueprint 2: The Gift & The Curse
38%
2006 Solo Album Kingdom Come
31%
2000 Solo Album The Dynasty: Roc La Familia
31%
2004 Collaborative Album Collision Course
8%
2018 Collaborative Album Everything Is Love
8%
1998 Soundtrack Album Streets Is Watching
8%
2002 Collaborative Album The Best Of Both Worlds
8%
2004 Collaborative Album Unfinished Business
8%
1999 Solo Album Vol.3... Life And Times Of S.Carter
8%
2001 Live Album Jay-Z Unplugged
0%
2012 Live Album Live In Brooklyn
0%
2013 Solo Album Magna Carter... Holy Grail
0%
2003 Mixtape S.Carter Collection
0%
2004 Mixtape S.Carter: The Re-mix
0%
2010 Compilation Album The Hits Collection, Volume One
0%
1998 Solo Album Vol.2... Had Knock Life
0%
No matching quizzes found
Score Distribution
Percent of People with Each Score
Percentile by Number Answered
Your Score History
You have not taken this quiz